Ecoclub escolar: una dinámica de integración de las Ciencias Naturales y Sociales
Uloženo v:
| Hlavní autoři: | , , |
|---|---|
| Médium: | Kniha |
| Jazyk: | španělština |
| Vydáno: |
Buenos Aires
Bonum
1995
|
| Témata: | |
| Tagy: |
Přidat tag
Žádné tagy, Buďte první, kdo vytvoří štítek k tomuto záznamu!
|
MARC
| LEADER | 00000nam a2200000 a 4500 | ||
|---|---|---|---|
| 001 | UCL0887 | ||
| 003 | CL-VaPUC | ||
| 008 | 030825e19950000AG |||||||||||||||||spa|d | ||
| 020 | |a 9505074417 | ||
| 082 | 0 | 4 | |a 371.36 |b RAM |2 21 |
| 100 | 0 | |a Ramos Madero, Juan Alberto |e author |9 477628 | |
| 700 | 0 | |a García, Patricia del Carmen |e author |9 477629 | |
| 700 | 0 | |a Monat, Julia Alicia |e author |9 477630 | |
| 245 | 1 | 0 | |a Ecoclub escolar: una dinámica de integración de las Ciencias Naturales y Sociales |
| 300 | |a 112 p | ||
| 942 | |c BK | ||
| 945 | |d 20030825 00:00:00 |a cmena | ||
| 260 | |a Buenos Aires |b Bonum |c 1995 | ||
| 650 | 0 | |a Métodos de enseñanza |9 270413 | |
| 650 | 0 | |a Innovaciones pedagógicas |9 307471 | |
| 650 | 0 | |a Ecoturismo |9 427332 | |
| 650 | 0 | |a Educación básica |9 224933 | |
| 650 | 0 | |a Dinámica de grupos |9 259862 | |
| 583 | |a last modification |c 20030825 00:00:00 |k Rodrigo Vera | ||
| 999 | |c 304613 |d 304611 | ||
| 952 | |0 0 |1 0 |4 0 |6 371_360000000000000_RAM_1995 |7 0 |8 A |9 367123 |a BIBEDU |b BIBEDU |d 2019-11-21 |i 3932869 |o 371.36 RAM 1995 |p 3932869 |r 2019-11-21 |w 2019-11-21 |y BK |k EPE | ||